000
00293nam a22001217a 4500
008
180917b xxu||||| |||| 00| 0 eng d
041
_a
eng
080
_2
10 ed
_a
030
100
_a
23
101
_a
FJA
245
_a
Merriam Websters Collegiate Dictionary
_c
Merriam.W
942
_2
udc
_c
BK
999
_c
47863
_d
47863